000 00903nam a2200265Ia 4500
003 GCL
008 140319s9999 xx 000 0 ara d
040 _aGCL /
_cGCL
082 0 4 _a509
_bب ك
100 1 _aالبيرونى , ابوالريحان محمد بن
245 1 0 _aكتاب الجماهر فى معرفة الجواهر /
_cالبيرونى , ابوالريحان محمد بن
260 _a[S.N] :
_bمكتبة المتنبى
300 _a270
490 _a
650 0 4 _aالحضارة العربية الاسلامية - المعارف البحرية
650 0 4 _aالتراث
650 0 4 _aالمعادن
650 0 4 _aالتاريخ الاسلامى
650 0 4 _aالفيزياء
650 0 4 _aالعلوم عند العرب
650 0 4 _aالحضارة الاسلامية
650 0 4 _aالجواهر
650 0 4 _aالاحجار الكريمة
942 _2ddc
_cBK
999 _c31392
_d31392